|
|
|
|
| LEADER |
00000cam a2200000 7i4500 |
| 001 |
0000007284 |
| 005 |
20151222.0 |
| 008 |
070829 |
| 020 |
|
|
|a 9832612985
|
| 090 |
0 |
0 |
|a JF
|b MAL
|
| 245 |
1 |
0 |
|a Peperangan dalam islam
|c Disusun oleh Nurul Syifa
|
| 260 |
|
|
|a Kuala Lumpur :
|b Sabunai Media ,
|c 2006
|
| 440 |
|
|
|a Siri Islam sezaman
|
| 500 |
|
|
|a Children ages 10-12 years old (pink)
|
| 650 |
|
0 |
|a Islamic stories,Malay
|
| 700 |
0 |
|
|a Nurul Syifa
|
| 999 |
|
|
|a 0000989638
|b Book
|c Children Collection
|e Cawangan Tangkak
|
| 999 |
|
|
|a 0000989639
|b Book
|c Children Collection
|e Cawangan Kota Tinggi
|
| 999 |
|
|
|a 0000989640
|b Book
|c Children Collection
|e Cawangan Mersing
|
| 999 |
|
|
|a 0000989641
|b Book
|c Children Collection
|e Cawangan Mersing
|
| 999 |
|
|
|a 0000989642
|b Book
|c Children Collection
|e Cawangan Batu Pahat
|
| 999 |
|
|
|a 0001129599
|b Book
|c Children Collection
|e Cawangan Taman Universiti
|
| 999 |
|
|
|a 0001144532
|b Book
|c Adult Collection
|e Cawangan Pontian
|